000 00617nam a2200169 i 4500
001 82519
003 ES-MaACL
005 20230906174703.0
007 t|
008 041110s1936 sp ||||1| spa d
110 2 _aAsociación General de Ganaderos (España)
_91713
245 1 0 _aInformes que la Asociación General de Ganaderos eleva a la Comisión de Agricultura del Congreso de los Diputados sobre la reforma agraria y rescate de bienes.
260 _aMadrid :
_bErnesto Giménez,
_c1936.
300 _a14 p. ;
_c21 cm.
650 _aReforma agraria-
_zEspaña-
_y1931-1939.
_916720
852 _aES-MaACL
_j1823-F-18
999 _c82519
_d82519